000 00529nam a2200181Ia 4500
008 151018s9999 xx 000 0 und d
082 _bRBASDV47639
_a891.433
100 _aबद्री सिंह भाटीया
245 _aकवच
250 _b1
260 _bपंकज बुक्स
_c2003
300 _a144
600 _aबद्री सिंह भाटीया
630 _aकवच
700 _aबद्री सिंह भाटीया
730 _aकवच
942 _cBOOK
999 _c1046771
_d1046768